Getting started in soccer /

Bibliographic Details
Main Author: Strachan, Gordon
Format: Book
Language:English
Published: New York : Sterling Pub. Co., 1994.
Subjects:

MARC

Tag First Indicator Second Indicator Subfields
LEADER 00000cam a2200000 a 4500
001 in00001251921
005 20151003081944.0
008 940516r19941993nyua j 001 0 eng
010 |a  94012874  
020 |a 0806908343 :  |c $9.95 ($13.95 Can.) 
035 |a (OCoLC)30547859 
035 |9 AGU5298AM 
040 |a DLC  |c DLC  |d TXA  |d UtOrBLW 
043 |a e-uk--- 
049 |a TXAM 
050 0 0 |a GV944.2  |b .S77 1994 
082 0 0 |a 796.334/083  |2 20 
100 1 |a Strachan, Gordon. 
240 1 0 |a Step-by-step soccer skills 
245 1 0 |a Getting started in soccer /  |c Gordon Strachan. 
264 1 |a New York :  |b Sterling Pub. Co.,  |c 1994. 
300 |a 80 pages :  |b color illustrations ;  |c 27 cm. 
336 |a text  |b txt  |2 rdacontent 
337 |a unmediated  |b n  |2 rdamedia 
338 |a volume  |b nc  |2 rdacarrier 
500 |a Originally published : Gordon Strachan's step-by-step soccer skills. London : Chancellor Press, 1993. 
500 |a Includes index. 
650 0 |a Soccer for children  |x Juvenile literature. 
650 0 |a Soccer for children  |x Coaching  |x Juvenile literature. 
650 1 |a Soccer. 
999 |a MARS 
999 f f |s 5583cf03-7a1d-36fa-b6e9-ea4e7b6cf81e  |i 36c87518-1cce-3b21-9e49-251945604173  |t 0 
952 f f |p ric  |a Texas A&M University  |b Rellis Campus  |c Joint Library Facility  |d Remote Storage  |t 0  |e GV944.2 .S77 1994  |h Library of Congress classification  |i unmediated -- volume  |m A14819833580 
998 f f |a GV944.2 .S77 1994  |t 0  |l Remote Storage